| LEADER |
01286nam0a2200277 450 |
| 001 |
16841120 |
| 010 |
|
|
|a 978-2-09-255127-1
|b br.
|d 5,5
|
| 100 |
|
|
|a 20161208d2026 u u0frey01 ba
|
| 101 |
0 |
|
|a fre
|
| 102 |
|
|
|a FR
|
| 200 |
0 |
|
|a Jason et de défi de la Toison d'or
|f Nadia Porcar
|g illustrations, Gianni de Conno - dossier, Marie-Thérèse Davidson
|
| 207 |
|
1 |
|a
|
| 210 |
|
|
|a Paris
|b 9 rue Mechain.
|c Nathan
|d DL 2014
|
| 215 |
|
|
|a 1 vol. (124 p.)
|c ill., couv. ill. en coul.
|d 19 cm
|
| 225 |
1 |
|
|a Histoires noires de la mythologie
|v 25
|x 1767-2473
|
| 300 |
|
|
|a Lexique
|
| 327 |
|
|
|a En fin d'ouvrage : histoire de Jason P.107
|
| 330 |
|
|
|a Pour conquérir le trône qui lui a été dérobé à sa naissance, Jason part, à bord de l'Argo, en quête de la Toison d'or, célèbre pour apporter gloire et opulence au royaume qui la possède. Arrivé en Colchide, il doit surmonter des épreuves pour avant de s'en emparer.
|
| 606 |
0 |
|
|a Mythologie grecque
|
| 610 |
0 |
|
|a Héros (mythologie)
|
| 700 |
|
0 |
|a Porcar
|b Nadia
|f 1962-....
|4 70
|
| 702 |
|
0 |
|a De Conno
|b Gianni
|f 1957-....
|4 440
|
| 702 |
|
0 |
|a Davidson
|b Marie-Thérèse
|f 1948-....
|4 205
|
| 900 |
|
|
|a Roman (enfants)
|
| 901 |
|
|
|a Jeunesse
|
| 995 |
|
|
|a Médiathèque
|c Médiathèque
|f 089014996
|h 089014996
|k E POR
|o p
|q j
|r az
|e Médiathèque
|